000
00196 a2200097 4500
020
_a
9788423925858
041
_a
spa
100
_a
Vivi Escriva
245
_a
Cuando Lia Dibujo el Mundo
942
_c
K
999
_c
30995
_d
30993